Karşıdevrim ve başkaldırı (Record no. 10057)
[ view plain ]
| 000 -BAŞLIK | |
|---|---|
| Sabit Uzunlukta Kontrol Alanı | 00878na a2200301 4500 |
| 001 - KONTROL NUMARASI | |
| Denetim Alanı | 24489 |
| 003 - KONTROL NUMARASI IDENTIFIER | |
| Denetim Alanı | MIRAKIL |
| 005 - SON İŞLEM TARİHİ VE ZAMANI | |
| Denetim Alanı | 20181213155305.0 |
| 008 - SABİT-BOY VERİ ELEMANLARI - GENEL BİLGİLER | |
| Sabit Uzunlukta Kontrol Alanı | 181120b tu 000 0 |
| 020 ## - ULUSLARARASI STANDART KİTAP NUMARASI | |
| Uluslararası Standart Kitap Numarası | 9753730128 |
| 040 ## - KATALOGLAMA KAYNAK | |
| Orijinal Kataloglama Ajansı | Milas |
| Kataloglama Dili | tur |
| Metne Dönüştürmek Ajansı | TR-AnCHP |
| 041 ## - DİL KODU | |
| Metin / Ses Parça Veya Ayrı Başlığın Dil Kodu | tur |
| 082 ## - DEWEY ONLU SINIFLANDIRMA NUMARASI | |
| Sınıflandırma Numarası | 303.64 |
| Ürün Numarası | M26k 1991 |
| 090 ## - SINIFLAMA NUMARASI | |
| Sınıflama Numarası | 303.64 M26k 1991 |
| 100 ## - ANA GİRİŞ - KİŞİSEL İSİM | |
| Kişisel Ad | Marcuse, Herbert |
| 245 ## - BAŞLIK TABLOSU | |
| Başlık | Karşıdevrim ve başkaldırı |
| Sorumluluk Tablosu, Vb | Herbert Marcuse ; çeviren Gürol Koca, Volkan Ersoy |
| 260 ## - YAYIN, DAĞITIM, VB | |
| Yayın, Dağıtım, Vb Yeri | Ankara |
| Yayıncı, Dağıtıcı, Vs Adı | Ara Yayıncılık, |
| Yayın, Dağıtım, Vb Tarihi | 1991 |
| 300 ## - FİZİKSEL TANIM | |
| Kapsam | 136 s. |
| Boyutlar | 19 sm. |
| 440 ## - SERİSİ TABLOSU / KATMA GİRİŞİ - BAŞLIK | |
| Başlık | Ara yayıncılık |
| Hacim / Ardışık Tanımı | 59 |
| 490 ## - SERİSİ TABLOSU | |
| Seri Beyanı | Felsefe dizisi |
| Hacim / Ardışık Tanımı | 25 |
| 500 ## - GENEL NOT | |
| Genel Not | Özgün yapıt adı : Counterevolution and revolt |
| 504 ## - KAYNAKÇA VB NOT | |
| Kaynakça Vb Notu | Kaynakça var. |
| 650 ## - KONU KATMA GİRİŞ - TOPİKAL DÖNEM | |
| Topikal Süreli Veya Coğrafi Ad Giriş Elemanı | Devrimler |
| Genel Alt Bölümü | Felsefe |
| 650 ## - KONU KATMA GİRİŞ - TOPİKAL DÖNEM | |
| Topikal Süreli Veya Coğrafi Ad Giriş Elemanı | Siyasi ideolojiler |
| 700 ## - KATMA GİRİŞ - KİŞİSEL İSİM | |
| Kişisel Ad | Ersoy, Volkan |
| Relator Terim | çev. |
| 700 ## - KATMA GİRİŞ - KİŞİSEL İSİM | |
| Kişisel Ad | Koca, Gürol |
| Relator Terim | çev. |
| 942 ## - EKLENDİ GİRİŞ ELEMANLARI (KOHA) | |
| Sınıflandırma Veya Raf Düzeni Kaynak | Dewey Decimal Classification |
| Koha Öğesi Türü | Books |
| 999 ## - SİSTEM KONTROL NUMARALARI (KOHA) | |
| Koha Biblionumber | 10057 |
| Koha Biblioitemnumber | 10057 |
| Kalıcı Konum | Mevcut Konum | Edinme Tarihi | Edinim Kaynak | Toplam Check-Out'Lar | Tam Çağrı Numarası | Barkod | Tarih Son Görülme | İtibaren Geçerli Fiyatlar | Sigara Kamu Notu | Koha Öğesi Türü |
|---|---|---|---|---|---|---|---|---|---|---|
| CHP Kütüphanesi | CHP Kütüphanesi | 11/20/2018 | Bağış | 303.64 M26k 1991 | 018426 | 11/20/2018 | 11/20/2018 | Bağışlayan: Ertuğrul Çepni | Books |
